1389 1232 1094 1576 1410 1262 1964 1277 1744 1678 1648 1795 1566 1566 1180 1078 1401 1933 1393 1825 1251 1299 1731 1463 1388 1085 1402 1444 1078 1681 1969 1829 1070 1865 1269 1266 1776 1736 1141 1981 1338 1566 1946 1708 1019 1284 1147 1357 1874 1681 1911 1663 1512 1192 1596 1183 1239 1675 1759 1209 1770 1767 1606 1134 1345 1623 1763 1943 1684 1929 1308 1215 1861 1733 1271 1397 1436 1959 1287 1522 1909 1888 1430 1947 1965 1395 1987 1820 1499 1467 1495 1812 1027 1972 1864 1948 1638 1444 1665 BCNSPRNW ULIB Ver.6.0+V

เปลี่ยนเป็นภาษาไทย

Change to English
 แสดงรายละเอียดบรรณานุกรม
  กลับหน้าหลัก

Brief Record : Get Marc (ISO 2709) : E-mail record : QR code < ปิดหน้าต่าง
LEADER : 00000nam 2200000uu 4500
001    13399122819
003     ULIB
008    130927s2549||||th 000 0 tha d
020    9789749698907
020    9749698908
090    นว.^bฮ111ร
100 0  ^aฮิงาชิโนะ เคโงะ
245 10 ^aรัก ลวง ตาย /^cฮิงาชิโนะ เคโงะ
260    ^aกรุงเทพฯ :^bเนชั่นบุ๊คส์ อินเตอร์เนชั่นแนล,^c2549
300    ^a320 หน้า
945    ^p225^l0^i034045
รายการนี้ยังไม่มีแท็ก
คุณยังไม่ได้ล็อกอิน คุณสามารถมีกิจกรรมร่วมกับเว็บไซต์ได้ แต่ต้องล็อกอินก่อน ::
  ล็อกอิน

รายการสื่อสารสนเทศ

ลำดับที่ ประเภท เลขเรียก/บาร์โค้ด สถานที่ สถานะ
1. นวนิยาย
นวนิยาย
นว. ฮ111ร ฉ.1 
  Barcode: 034045
ห้องสมุดวิทยาเขตสวรรค์ประชารักษ์
►นวนิยาย
บนชั้น
  ขอยืม

BibComment


ยังไม่เคยถูกคอมเมนท์

คอมเมนท์ทรัพยากรรายการนี้
  คอมเมนท์: รัก ลวง ตาย ฮิง..


 Copyright 2026. Bcnsprnw @Library